00377nam a2200157Ia 4500008004000000041000800040082001200048100001800060245004400078260004100122650001200163650001000175650001500185650001100200650000800211210210b1953 xxu||||| |||| 00| 0 eng d aeng a825/170 aCHAPMAN (R W) aJohnsonian and other essays and reviews aOxfordbAt the Clarendon Pressc1953 areviews aother aJohnsonian aessays aand